| 000 | 00429nam a22001577a 4500 | ||
|---|---|---|---|
| 020 | _a81-73712905 | ||
| 082 |
_a522 _bPET/I |
||
| 100 | _aPETROSKI, HENRY | ||
| 245 |
_aINVENTION BY DESIGN _bHOW ENGINEERS GET FROM THOUGH TO THING |
||
| 246 |
_aINVENTION BY DESIGN _bHOW ENGINEERS GET FROM THOUGH TO THING |
||
| 260 |
_aHYDERABAD _bUNIVERSITY PRESS _c2005 |
||
| 300 | _a238 | ||
| 520 | _aPHYSICS | ||
| 650 | _aPHYSICS | ||
| 942 | _cBK | ||
| 999 |
_c1461 _d1461 |
||